Automatická detekcia slnka na obrázkoch

Saved in:
Bibliographic Details
Main Author: Kolenič, Mário (Author)
Other Authors: Malkin Ondik, Irina (Thesis advisor)
Format: Manuscript Book
Language:Slovak
Published: 2023
Subjects:
Online Access:http://is.stuba.sk/zp/portal_zp.pl?podrobnosti=162675
Tags: Add Tag
No Tags, Be the first to tag this record!

MARC

LEADER 00000ntm a22000003a 4500
001 stuzp92446
003 SK-STU
005 20230909213204.9
007 ta
008 150427s2015----xo-----f-mn---000-0-slo-d
040 |a STU  |b slo 
041 0 |a slo 
100 1 |a Kolenič, Mário  |u 070400  |4 aut  |U FIIT Fakulta informatiky a informačných technológií  |T FIIT Ústav počítačového inžinierstva a aplikovanej informatiky  |X 110821  |U I400  |Y 672  |7 110821 
242 0 1 |a Automatic sun detection in images  |y eng 
245 1 0 |a Automatická detekcia slnka na obrázkoch 
260 |c 2023 
650 4 |a Detekcia slnka  |2 slo 
650 4 |a Neurónové siete  |2 slo 
650 4 |a Odstránenie slnka  |2 slo 
650 4 |a Sun detection  |2 eng 
650 4 |a Neural networks  |2 eng 
650 4 |a Sun removal  |2 eng 
700 1 |a Malkin Ondik, Irina  |4 ths  |X 77701  |7 77701 
856 4 |u http://is.stuba.sk/zp/portal_zp.pl?podrobnosti=162675